[Event "Open LTU Rapid"]
[Site "Vilnius LTU"]
[Date "2010.11.27"]
[Round "7"]
[White "Rausis, Igor"]
[Black "Zhigalko, Andrey"]
[Result "1-0"]
[WhiteTitle "GM"]
[BlackTitle "GM"]
[WhiteElo "2482"]
[BlackElo "2570"]
[WhiteFideId "11600098"]
[BlackFideId "13502247"]
[EventDate "2010.11.27"]

1. d4 Nf6 2. Nf3 d6 3. Nbd2 g6 4. e4 Bg7 5. Bd3 O-O 6. O-O Nbd7 7. Re1 e5 8. c3
b6 9. a4 Re8 10. a5 Rb8 11. axb6 axb6 12. b4 c6 13. Qb3 Qc7 14. Bb2 Bb7 15. Nc4
exd4 16. cxd4 d5 17. exd5 Nxd5 18. Nce5 Nxe5 19. dxe5 c5 20. Bc4 Nxb4 21. Ng5
Re7 22. Rad1 Rf8 23. e6 f6 24. Rd7 Qc6 25. Qh3 Rfe8 26. Qxh7+ Kf8 27. Ne4 b5 28.
Bxf6 Bxf6 29. Qf7+ 1-0

[Event "Open LTU Rapid"]
[Site "Vilnius LTU"]
[Date "2010.11.27"]
[Round "7"]
[White "Narmontas, Matas"]
[Black "Gdanski, Jacek"]
[Result "0-1"]
[WhiteTitle "FM"]
[BlackTitle "GM"]
[WhiteElo "2370"]
[BlackElo "2542"]
[WhiteFideId "12802204"]
[BlackFideId "1100106"]
[EventDate "2010.11.27"]

1. e4 e6 2. d4 d5 3. Nc3 Bb4 4. exd5 exd5 5. Bd3 Ne7 6. Qh5 c5 7. Nf3 c4 8. Ne5
Be6 9. Be2 Nbc6 10. Nxc6 bxc6 11. O-O O-O 12. Bf4 Ng6 13. Bg3 f5 14. Be5 Nxe5
15. dxe5 Qb8 16. f4 Bc5+ 17. Kh1 Qxb2 18. Na4 Qa3 19. Nxc5 Qxc5 20. Rf3 Rf7 21.
Rh3 g6 22. Qg5 Qe7 23. Qg3 Rb8 24. a3 Rb2 25. Qc3 Qb7 26. Rf3 Rb1+ 27. Rxb1
Qxb1+ 28. Rf1 Qb6 29. h4 Rg7 30. Qg3 h6 31. h5 g5 32. fxg5 Rxg5 33. Qf4 Kh7 34.
c3 Qb2 35. Qe3 Qb6 36. Qf4 a5 37. g4 Qb2 38. Qf2 Qxc3 39. Bf3 Qxe5 40. Re1 Qf6
41. Qa7+ Rg7 42. Qe3 Qh4+ 43. Kg1 Qg3+ 44. Kh1 Bf7 45. Qe2 d4 46. Bxc6 Qh4+ 47.
Kg1 Qxg4+ 0-1

[Event "Open LTU Rapid"]
[Site "Vilnius LTU"]
[Date "2010.11.27"]
[Round "8"]
[White "Skrebnevskis, Romanas"]
[Black "Malisauskas, Vidmantas"]
[Result "1-0"]
[BlackTitle "GM"]
[WhiteElo "2230"]
[BlackElo "2483"]
[WhiteFideId "12800686"]
[BlackFideId "12800031"]
[EventDate "2010.11.27"]

1. d4 Nf6 2. c4 g6 3. Nc3 d5 4. cxd5 Nxd5 5. Bd2 Bg7 6. e4 Nb6 7. Be3 O-O 8. Be2
Nc6 9. Nf3 Bg4 10. d5 Bxf3 11. gxf3 Na5 12. Bd4 Qd6 13. Bxg7 Kxg7 14. Qd2 c6 15.
Rd1 Qf6 16. Qd4 Qxd4 17. Rxd4 cxd5 18. Nxd5 Nc6 19. Rd2 Rfd8 20. Ne3 Nd4 21. Nc2
Ne6 22. Rg1 Nf4 23. Rg5 Na4 24. Rb5 b6 25. Rb4 Rxd2 26. Kxd2 Rd8+ 27. Ke3 Ng2# 1-0

[Event "Open LTU Rapid"]
[Site "Vilnius LTU"]
[Date "2010.11.27"]
[Round "8"]
[White "Rausis, Igor"]
[Black "Matlakov, Maxim"]
[Result "1-0"]
[WhiteTitle "GM"]
[BlackTitle "GM"]
[WhiteElo "2482"]
[BlackElo "2619"]
[WhiteFideId "11600098"]
[BlackFideId "4168003"]
[EventDate "2010.11.27"]

1. e4 c5 2. c3 d5 3. exd5 Qxd5 4. d4 g6 5. Be3 cxd4 6. Qxd4 Nf6 7. Qxd5 Nxd5 8.
Bd4 f6 9. Bc4 Nc7 10. Nf3 Nc6 11. Be3 e5 12. Nbd2 Be6 13. O-O-O O-O-O 14. Bb3
Be7 15. Ne4 f5 16. Bxe6+ Nxe6 17. Neg5 Rxd1+ 18. Rxd1 Ned8 19. Nh3 h6 20. Nhg1
f4 21. Bd2 Ne6 22. Re1 Bf6 23. Kc2 g5 24. Bc1 g4 25. Nd2 Ng5 26. Ne4 Nxe4 27.
Rxe4 h5 28. Ne2 Nd8 29. Bd2 Ne6 30. g3 f3 31. Nc1 Kd7 32. Nd3 Kd6 33. Be3 b6 34.
Ra4 Rh7 35. Rc4 Bg5 36. Kd2 Kd5 37. b3 a5 38. Bxg5 Nxg5 39. Ke3 Rd7 40. Rc8 Nf7
41. c4+ Ke6 42. c5 Nh6 43. Rc6+ 1-0

[Event "Open LTU Rapid"]
[Site "Vilnius LTU"]
[Date "2010.11.27"]
[Round "8"]
[White "Zickus, Simonas"]
[Black "Sulskis, Sarunas"]
[Result "0-1"]
[WhiteTitle "FM"]
[BlackTitle "GM"]
[WhiteElo "2320"]
[BlackElo "2562"]
[WhiteFideId "12802395"]
[BlackFideId "12800112"]
[EventDate "2010.11.27"]

1. Nf3 c5 2. g3 d5 3. Bg2 Nc6 4. d4 Bg4 5. c4 e6 6. cxd5 exd5 7. Nc3 Nf6 8. Ne5
cxd4 9. Nxc6 bxc6 10. Qxd4 Be7 11. Bg5 Bd7 12. O-O h6 13. Bf4 O-O 14. Qd3 Be6
15. Rfd1 Qb6 16. Na4 Qb4 17. b3 c5 18. Bd2 Qb7 19. Be3 Rac8 20. Rac1 Ne4 21. Nc3
Nxc3 22. Qxc3 Rfd8 23. Qa5 Qb6 24. Bd2 c4 25. Be1 d4 26. bxc4 Bxc4 27. Bf3 Qe6
28. Rc2 a6 29. Rdc1 Rc5 30. Qa4 Bb5 31. Qb3 Rxc2 32. Rxc2 Qxb3 33. axb3 g5 34.
Kg2 d3 35. exd3 Rxd3 36. Rc3 Rxc3 37. Bxc3 f5 38. Bd5+ Kh7 39. Kf3 Kg6 40. h3
Bc5 41. Kg2 h5 42. Be5 g4 43. Bc3 Bd6 44. h4 Be8 45. Bc4 Bc6+ 46. Kg1 Bb5 47.
Bd5 f4 48. Be4+ Kf7 49. Kg2 f3+ 50. Kg1 Bd7 51. Bb7 Bb5 52. Bd5+ Ke7 53. Be4 Bc7
54. Bg6 Be8 55. Bd3 a5 56. Kf1 Bf7 57. Bc2 Be8 58. Ke1 Bb6 59. Bd3 Kd6 60. Bc4
Bg6 61. Bb5 Kc5 62. Bd7 Bf7 63. Ba4 Bd5 64. Bd2 Kd6 65. b4 axb4 66. Bxb4+ Ke5
67. Be8 Kd4 68. Bxh5 Kc4 69. Bd2 Be6 70. Bg6 Bd4 71. Bb1 Kc5 72. Kf1 Kd6 73.
Bb4+ Ke5 74. Be7 Bc4+ 75. Kg1 Ke6 76. Bb4 Kf6 77. Bd2 Be6 78. Be3 Bxe3 79. fxe3
Bf5 80. Bxf5 Kxf5 81. Kf2 Ke4 82. h5 Kf5 83. e4+ Kg5 84. Ke3 Kxh5 85. Kf2 Kg5
86. Ke3 Kf6 87. Kd3 Ke6 88. Ke3 Ke5 89. Kd3 f2 90. Ke2 Kxe4 91. Kxf2 Kd3 92. Kf1
Ke3 93. Kg2 Ke2 94. Kg1 Kf3 95. Kh2 Kf2 96. Kh1 Kxg3 97. Kg1 Kh3 0-1

[Event "Open LTU Rapid"]
[Site "Vilnius LTU"]
[Date "2010.11.27"]
[Round "8"]
[White "Zagorskis, Darius"]
[Black "Azarov, Sergei"]
[Result "1/2-1/2"]
[WhiteTitle "IM"]
[BlackTitle "GM"]
[WhiteElo "2497"]
[BlackElo "2601"]
[WhiteFideId "12800120"]
[BlackFideId "13501470"]
[EventDate "2010.11.27"]

1. Nf3 Nf6 2. c4 e6 3. g3 d5 4. Bg2 Be7 5. O-O O-O 6. d4 c6 7. Qc2 Nbd7 8. Nbd2
b6 9. b3 Ba6 10. Bb2 c5 11. Rac1 Rc8 12. Qb1 b5 13. cxd5 Nxd5 14. dxc5 Rxc5 15.
Ne4 Rxc1 16. Rxc1 Bb7 17. Nd4 Qb6 18. a3 N7f6 19. e3 h6 20. Nd2 Rd8 21. N2f3 Nd7
22. Qc2 Rc8 23. Qd2 Rxc1+ 24. Qxc1 N5f6 25. Nd2 Nc5 26. Qc2 Bxg2 27. Kxg2 Bf8
28. e4 Qb7 29. f3 Qd7 30. b4 Na4 31. Ba1 a6 32. N2b3 Nb6 33. Na5 Ne8 34. Qc6
Qxc6 35. Ndxc6 Nd6 36. Bb2 Ndc4 37. Nxc4 Nxc4 38. Bc1 Bd6 39. Kf2 Kf8 40. Ke2
Ke8 41. Nd4 h5 42. Nc2 g6 43. Ne3 Nxe3 44. Bxe3 Be5 45. Kd3 Kd7 46. Bd4 Bc7 47.
e5 Kc6 48. Ke4 a5 1/2-1/2

[Event "Open LTU Rapid"]
[Site "Vilnius LTU"]
[Date "2010.11.27"]
[Round "9"]
[White "Malisauskas, Vidmantas"]
[Black "Gdanski, Jacek"]
[Result "1-0"]
[WhiteTitle "GM"]
[BlackTitle "GM"]
[WhiteElo "2483"]
[BlackElo "2542"]
[WhiteFideId "12800031"]
[BlackFideId "1100106"]
[EventDate "2010.11.27"]

1. e4 e6 2. d4 d5 3. exd5 exd5 4. Nf3 c6 5. Bd3 Bd6 6. c3 Ne7 7. O-O Bg4 8. Nbd2
Nd7 9. Re1 Qc7 10. Qc2 h6 11. h3 Be6 12. c4 O-O 13. c5 Bf4 14. b4 b6 15. Nb3
Rfe8 16. Bxf4 Qxf4 17. Ne5 bxc5 18. Nxd7 Bxd7 19. Qxc5 Nf5 20. Rxe8+ Bxe8 21.
Re1 Bd7 22. Bxf5 Qxf5 23. Qd6 Be8 24. Qc7 Qc2 25. Qb7 Rd8 26. Qxa7 Qc3 27. Re3
Qxb4 28. Qa5 Qxa5 29. Nxa5 Ra8 30. Nb7 Kf8 31. a3 Ra4 32. Rd3 Rc4 33. Nc5 Rc1+
34. Kh2 f6 35. a4 Ra1 36. Rb3 Bg6 37. Rb7 Bc2 38. Ra7 g5 39. a5 Bd1 40. a6 Be2
41. Rb7 Bxa6 42. Ra7 Ra2 43. Rxa6 Rxf2 44. Rxc6 Kf7 45. Rd6 Rf5 46. g4 1-0

[Event "Open LTU Rapid"]
[Site "Vilnius LTU"]
[Date "2010.11.27"]
[Round "9"]
[White "Shimanov, Aleksandr"]
[Black "Rausis, Igor"]
[Result "1/2-1/2"]
[WhiteTitle "GM"]
[BlackTitle "GM"]
[WhiteElo "2516"]
[BlackElo "2482"]
[WhiteFideId "4198603"]
[BlackFideId "11600098"]
[EventDate "2010.11.27"]

1. d4 d5 2. c4 dxc4 3. e3 Be6 4. Nf3 c6 5. Nc3 Nf6 6. a4 g6 7. e4 Bg7 8. Ng5 Bg4
9. f3 Bc8 10. Bxc4 O-O 11. Qb3 e6 12. Be3 Nbd7 13. O-O h6 14. Nh3 e5 15. Rfd1
Qe7 16. d5 Nb6 17. Nf2 Nxc4 18. Qxc4 cxd5 19. exd5 Bd7 20. Qb3 b6 21. Nb5 Bxb5
22. Qxb5 Qd7 23. Ne4 Qxb5 24. Nxf6+ Bxf6 25. axb5 Bg5 26. Bxg5 1/2-1/2

[Event "Open LTU Rapid"]
[Site "Vilnius LTU"]
[Date "2010.11.27"]
[Round "9"]
[White "Setkauskas, Vaidas"]
[Black "Matlakov, Maxim"]
[Result "0-1"]
[BlackTitle "GM"]
[WhiteElo "2247"]
[BlackElo "2619"]
[WhiteFideId "12803936"]
[BlackFideId "4168003"]
[EventDate "2010.11.27"]

1. e4 c5 2. Nf3 e6 3. c3 d5 4. exd5 Qxd5 5. d4 Nf6 6. Na3 a6 7. Nc2 Nbd7 8. Be3
b6 9. Bd3 Bb7 10. Qe2 Be7 11. c4 Qh5 12. Nd2 Qxe2+ 13. Bxe2 cxd4 14. Bxd4 O-O-O
15. O-O Bc5 16. Bf3 Ne5 17. Bxb7+ Kxb7 18. Bc3 Nd3 19. Bxf6 gxf6 20. Ne4 Be7 21.
b3 f5 22. Ng3 Bc5 23. Ne1 Ne5 24. a3 Rd2 25. b4 Bd4 26. Rb1 Rc8 27. c5 bxc5 28.
bxc5+ Ka7 29. Nf3 Nxf3+ 30. gxf3 Rxc5 0-1

[Event "Open LTU Rapid"]
[Site "Vilnius LTU"]
[Date "2010.11.27"]
[Round "9"]
[White "Sulskis, Sarunas"]
[Black "Pileckis, Emilis"]
[Result "1-0"]
[WhiteTitle "GM"]
[BlackTitle "IM"]
[WhiteElo "2562"]
[BlackElo "2448"]
[WhiteFideId "12800112"]
[BlackFideId "12802476"]
[EventDate "2010.11.27"]

1. e4 c5 2. f4 Nc6 3. Nf3 g6 4. c3 d5 5. d3 Bg7 6. Qe2 dxe4 7. dxe4 e5 8. Qb5
Nf6 9. fxe5 Nd7 10. Bg5 Qc7 11. e6 fxe6 12. Be2 O-O 13. O-O b6 14. Nbd2 Bb7 15.
Rad1 Na5 16. Qd3 Nf6 17. Bxf6 Rxf6 18. Qe3 Qf4 19. Qxf4 Rxf4 20. Ng5 Rxf1+ 21.
Nxf1 Bf6 22. Nxe6 Re8 23. Nc7 Rxe4 24. Bf3 Re7 25. Rd8+ Kf7 26. Nd5 Bxd5 27.
Bxd5+ Kg7 28. Ra8 Re2 29. Rxa7+ Kh6 30. Rf7 Bg5 31. b4 cxb4 32. cxb4 Re5 33. Rd7
Re1 34. Kf2 Rb1 35. bxa5 bxa5 36. Rb7 Rc1 37. Ne3 1-0